Financial decisions in finance management of credit unions in Poland

Bibliographic Details
Format: Article
Language:Slovak
English
ISSN:0323-262X
Subjects:

MARC

LEADER 00000nab a2200000 a 4500
001 vtls000890726
003 SK-MaSNL
005 20260304104420.0
008 250429c2004 xo qr|p|||||||000 b|slo
015 |a SNBRx2004/12  |2 snkbucl 
035 |a (uuid)e8b73c86-190a-47e1-a7a8-188900ac50ed 
035 |a urn:nbn:sk:snk-ab2ep3 
035 |a (urnnbn)urn:nbn:sk:snk:ar-a02b52 
038 |a SNKBUCL 
040 |a SNKBUCL  |b slo  |c SNKBUCL  |e AACR2 
041 0 |a eng  |b eng  |b slo 
044 |a xo  |c SK 
080 |a 334.732.2(438):658.14/.15.012.43  |2 1997 
080 |a 658.14/.15.012.43(438)  |2 1997 
245 0 0 |a Financial decisions in finance management of credit unions in Poland 
504 |a Bibliogr. odkazy 
546 |a Res. angl., slov. 
650 0 7 |a finančné inštitúcie  |2 snkbucl  |9 2105 
650 0 7 |a finančný manažment  |2 snkbucl  |9 928 
650 0 7 |a finančné rozhodovanie  |2 snkbucl  |9 624341 
650 0 7 |a finančné investovanie  |2 snkbucl  |9 66791 
650 0 7 |a družstevné záložne  |2 snkbucl  |9 81505 
651 7 |a Poľsko  |2 snkbucl  |9 16755 
773 0 |t Ekonomické rozhľady = Economic Review  |g Vol. XXXIII., č. 4 (2004), s. 503-516  |x 0323-262X 
850 |a Slovenská národná knižnica 
852 |a Slovenská národná knižnica 
958 |a article27 
958 |a NB 
958 |a PL 
958 |a OND 
958 |a EUIPO 
999 |c 2851639  |d 2853569